[Event "Gaprindashvili Cup Women III Stage 2020"]
[Site "Online"]
[Date "2020.11.12"]
[Round "2.1"]
[White "Charkhalashvili, Inga"]
[Black "Javakhishvili, Lela"]
[Result "1/2-1/2"]
[WhiteElo "2276"]
[BlackElo "2473"]
[Annotator "ChessBase"]
[PlyCount "108"]
[EventDate "2020.11.04"]
[EventType "k.o."]
[SourceTitle "playchess.com"]
[Source "ChessBase"]
[SourceQuality "1"]
[TimeControl "1500+5"]

1. d4 {[%emt 0:00:06]} Nf6 {[%emt 0:00:03]} 2. c4 {[%emt 0:00:06]} c5 {[%emt 0:00:05]} 3. d5 {[%emt 0:00:20]} b5 {[%emt 0:00:03]} 4. cxb5 {[%emt 0:00:03]} a6 {[%emt 0:00:03]} 5. bxa6 {[%emt 0:00:02]} g6 {[%emt 0:00:02]} 6. Nc3 {[%emt 0:00:03]} Bg7 {[%emt 0:00:02]} 7. Nf3 {[%emt 0:00:12]} O-O {[%emt 0:00:25]} 8. g3 {[%emt 0:00:03]} d6 {[%emt 0:00:03]} 9. Bg2 {[%emt 0:00:02]} Nxa6 {[%emt 0:00:02]} 10. O-O {[%emt 0:00:03]} Bf5 {[%emt 0:00:02]} 11. Nd2 {[%emt 0:00:22]} Nb4 {[%emt 0:00:14]} 12. e4 {[%emt 0:00:07]} Bc8 {[%emt 0:00:45]} 13. a3 {[%emt 0:01:27]} Nd3 {[%emt 0:00:33]} 14. Nc4 {[%emt 0:01:11]} Nxc1 {[%emt 0:00:08]} 15. Rxc1 {[%emt 0:00:02]} Ba6 {[%emt 0:00:07]} 16. Ne2 {[%emt 0:03:16]} Nd7 {[%emt 0:00:23]} 17. Qd2 {[%emt 0:00:31]} Qb8 {[%emt 0:02:56]} 18. Bh3 {[%emt 0:02:03]} Ra7 {[%emt 0:03:23]} 19. Bxd7 {[%emt 0:04:00]} Rxd7 {[%emt 0:00:34]} 20. b4 {[%emt 0:00:43]} cxb4 {[%emt 0:01:42]} 21. axb4 {[%emt 0:00:10]} Qb5 {[%emt 0:04:40]} 22. Rfe1 {[%emt 0:00:29]} Rb7 {[%emt 0:03:26]} 23. Na5 {[%emt 0:06:04]} Qxb4 {[%emt 0:00:06]} 24. Qxb4 {[%emt 0:00:03]} Rxb4 {[%emt 0:00:03]} 25. Nc3 {[%emt 0:00:19]} Bf6 {[%emt 0:02:44]} 26. Nc6 {[%emt 0:00:55]} Rb2 {[%emt 0:00:25]} 27. e5 {[%emt 0:01:31]} dxe5 {[%emt 0:00:14]} 28. Ne4 {[%emt 0:00:32]} Kg7 {[%emt 0:00:57]} 29. Nc5 {[%emt 0:00:28]} Bb5 {[%emt 0:00:49]} 30. Nd7 {[%emt 0:00:29]} Ra8 {[%emt 0:00:09]} 31. Ndxe5 {[%emt 0:00:17]} Raa2 {[%emt 0:00:43]} 32. Rb1 {[%emt 0:00:32]} Rxb1 {[%emt 0:01:33]} 33. Rxb1 {[%emt 0:00:03]} Bxc6 {[%emt 0:00:03]} 34. Nxc6 {[%emt 0:00:07]} Rd2 {[%emt 0:00:02]} 35. Re1 {[%emt 0:00:21]} Kf8 {[%emt 0:00:10]} 36. Nb4 {[%emt 0:00:08]} Rd4 {[%emt 0:00:03]} 37. Rb1 {[%emt 0:00:05]} Rd2 {[%emt 0:00:04]} 38. Rb3 {[%emt 0:00:15]} Bd4 {[%emt 0:00:08]} 39. Nd3 {[%emt 0:00:05]} Kg7 {[%emt 0:00:05]} 40. Kf1 {[%emt 0:00:16]} h5 {[%emt 0:00:04]} 41. h4 {[%emt 0:00:03]} Bf6 {[%emt 0:00:08]} 42. Ke1 {[%emt 0:00:04]} Ra2 {[%emt 0:00:02]} 43. Nf4 {[%emt 0:00:07]} Be5 {[%emt 0:00:05]} 44. Nd3 {[%emt 0:00:06]} Bd6 {[%emt 0:00:03]} 45. Rb5 {[%emt 0:00:06]} f6 {[%emt 0:00:05]} 46. Nc5 {[%emt 0:00:08]} Bxc5 {[%emt 0:00:10]} 47. Rxc5 {[%emt 0:00:02]} Kf7 {[%emt 0:00:01]} 48. Rc7 {[%emt 0:00:05]} Ra1+ {[%emt 0:00:02]} 49. Ke2 {[%emt 0:00:02]} Ra2+ {[%emt 0:00:02]} 50. Ke3 {[%emt 0:00:01]} Ra3+ {[%emt 0:00:03]} 51. Ke4 {[%emt 0:00:06]} Ra4+ {[%emt 0:00:02]} 52. Ke3 {[%emt 0:00:03]} Ra3+ {[%emt 0:00:01]} 53. Ke4 {[%emt 0:00:03]} Ra4+ {[%emt 0:00:02]} 54. Ke3 {[%emt 0:00:03]} Ra3+ {[%emt 0:00:02]} 1/2-1/2

[Event "Gaprindashvili Cup Women III Stage 2020"]
[Site "Online"]
[Date "2020.11.12"]
[Round "2.2"]
[White "Javakhishvili, Lela"]
[Black "Charkhalashvili, Inga"]
[Result "1/2-1/2"]
[WhiteElo "2473"]
[BlackElo "2276"]
[Annotator "RC"]
[PlyCount "126"]
[EventDate "2020.11.04"]
[EventType "k.o."]
[SourceTitle "playchess.com"]
[Source "ChessBase"]
[SourceQuality "1"]
[TimeControl "1500+5"]

1. d4 {[%emt 0:00:00]} Nf6 {[%emt 0:00:11]} 2. c4 {[%emt 0:00:04]} e6 {[%emt 0:00:05]} 3. Nc3 {[%emt 0:00:11]} Bb4 {[%emt 0:00:11]} 4. Qc2 {[%emt 0:00:11]} c5 {[%emt 0:00:32]} 5. dxc5 {[%emt 0:00:07]} O-O {[%emt 0:00:32]} 6. g3 {[%emt 0:00:50]} Nc6 {[%emt 0:00:12]} 7. Bg2 {[%emt 0:00:14]} Bxc5 {[%emt 0:00:17]} 8. Nf3 {[%emt 0:00:25]} b6 {[%emt 0:00:03]} 9. O-O {[%emt 0:00:07]} Bb7 {[%emt 0:00:03]} 10. Rd1 {[%emt 0:00:03]} Rc8 {[%emt 0:02:44]} 11. a3 {[%emt 0:00:31]} Be7 {[%emt 0:00:08]} 12. e4 {[%emt 0:02:20]} Ng4 {[%emt 0:01:35]} 13. Bf4 {[%emt 0:00:56]} Bc5 {[%emt 0:00:42]} 14. Rf1 {[%emt 0:02:30]} e5 {[%emt 0:04:32]} 15. Bg5 {[%emt 0:00:10]} Nd4 {[%emt 0:01:39]} 16. Nxd4 {[%emt 0:00:32]} Qxg5 {[%emt 0:00:08]} 17. Nf3 {[%emt 0:00:03]} Qe7 {[%emt 0:01:14]} 18. h3 {[%emt 0:03:10]} Nf6 {[%emt 0:00:08]} 19. b4 {[%emt 0:05:39]} Bd4 {[%emt 0:02:04]} 20. Nxd4 {[%emt 0:00:04]} exd4 {[%emt 0:00:03]} 21. Nd5 {[%emt 0:00:01]} Nxd5 {[%emt 0:00:33]} 22. exd5 {[%emt 0:00:03]} Ba6 {[%emt 0:00:05]} 23. Rfe1 {[%emt 0:00:11]} Qd6 {[%emt 0:00:36]} 24. Qe4 {[%emt 0:02:09]} Bxc4 {[%emt 0:00:43]} 25. Qxd4 {[%emt 0:00:04]} Rc7 {[%emt 0:00:44]} 26. Rac1 {[%emt 0:00:18]} b5 {[%emt 0:00:39]} 27. Rc3 {[%emt 0:00:05]} h6 {[%emt 0:00:27]} 28. Rce3 {[%emt 0:00:09]} Qb6 {[%emt 0:03:35]} 29. Qf4 {[%emt 0:00:44]} d6 {[%emt 0:00:22]} 30. Be4 {[%emt 0:00:18]} Rcc8 {[%emt 0:01:08]} 31. Qf5 {[%emt 0:00:56]} g6 {[%emt 0:00:03]} 32. Qf4 {[%emt 0:00:02]} Kg7 {[%emt 0:00:46]} 33. Bf3 {[%emt 0:01:55]} Rc7 {[%emt 0:00:40]} 34. h4 {[%emt 0:00:09]} h5 {[%emt 0:00:17]} 35. Re7 {[%emt 0:00:41]} Rxe7 {[%emt 0:00:04]} 36. Rxe7 {[%emt 0:00:02]} Qd8 {[%emt 0:00:03]} 37. Qd4+ {[%emt 0:00:03]} Kg8 {[%emt 0:00:03]} 38. Qxa7 {[%emt 0:01:04]} Qa8 {[%emt 0:00:05]} 39. Qxa8 {[%emt 0:00:27]} Rxa8 {[%emt 0:00:03]} 40. Re3 {[%emt 0:00:04]} Kg7 {[%emt 0:00:04]} 41. Kg2 {[%emt 0:00:09]} Kf6 {[%emt 0:00:02]} 42. Kh3 {[%emt 0:00:13]} Bf1+ {[%emt 0:00:03]} 43. Bg2 {[%emt 0:00:03]} Bc4 {[%emt 0:00:02]} 44. f4 {[%emt 0:00:06]} Ra7 {[%emt 0:00:06]} 45. g4 {[%emt 0:00:04]} hxg4+ {[%emt 0:00:05]} 46. Kxg4 {[%emt 0:00:01]} Ra8 {[%emt 0:00:02]} 47. Kg3 {[%emt 0:00:11]} Ra7 {[%emt 0:00:06]} 48. Bf3 {[%emt 0:00:06]} Ra8 {[%emt 0:00:04]} 49. Be4 {[%emt 0:00:04]} Re8 {[%emt 0:00:14]} 50. Kf2 {[%emt 0:00:02]} Rh8 {[%emt 0:00:04]} 51. Rh3 {[%emt 0:00:07]} Rh5 {[%emt 0:00:05]} 52. Bf3 {[%emt 0:00:09]} Rh8 {[%emt 0:00:05]} 53. Be2 {[%emt 0:00:06]} Bxe2 {[%emt 0:00:06]} 54. Kxe2 {[%emt 0:00:01]} Kf5 {[%emt 0:00:01]} 55. Kf2 {[%emt 0:00:24]} Ke4 {[%emt 0:00:04]} 56. Rh1 {[%emt 0:00:03]} Kxd5 {[%emt 0:00:05]} 57. Rd1+ {[%emt 0:00:01]} Ke6 {[%emt 0:00:03]} 58. Re1+ {[%emt 0:00:06]} Kf6 {[%emt 0:00:04]} 59. Rd1 {[%emt 0:00:03]} Ke6 {[%emt 0:00:05]} 60. Re1+ {[%emt 0:00:02]} Kf6 {[%emt 0:00:14]} 61. Rd1 {[%emt 0:00:01]} Ke6 {[%emt 0:00:03]} 62. Re1+ {[%emt 0:00:01]} Kf6 {[%emt 0:00:02]} 63. Rd1 {[%emt 0:00:02]} Ke6 {[%emt 0:00:06]} 1/2-1/2

[Event "Gaprindashvili Cup Women III Stage 2020"]
[Site "Online"]
[Date "2020.11.12"]
[Round "2.2"]
[White "Arabidze, Meri"]
[Black "Tsatsalashvili, Keti"]
[Result "1-0"]
[WhiteElo "2437"]
[BlackElo "2331"]
[Annotator "TA"]
[PlyCount "81"]
[EventDate "2020.11.04"]
[EventType "k.o."]
[SourceTitle "playchess.com"]
[Source "ChessBase"]
[SourceQuality "1"]

{[%evp 17,81,58,70,64,54,67,86,86,79,58,70,73,80,73,85,61,122,118,126,101,99,95,106,101,110,106,109,101,105,111,111,111,137,119,118,95,116,118,129,126,127,97,144,113,110,109,138,124,195,191,176,153,147,158,1443,1325,29976,29976,29976,29976,29976,29976,29972,12329,29972,29973]} 1. d4 d5 2. c4 e6 3. Nf3 Nf6 4. g3 Bb4+ 5. Bd2 Be7 6. Bg2 dxc4 7. Qc2 a6 8. a4 Nbd7 9. O-O O-O 10. Na3 {[#] E11: Bogo-Indian.} Bxa3 $146 ({Predecessor:} 10... Nb6 11. a5 Nbd5 12. Nxc4 Bd7 13. Nfe5 Bb5 14. Qb3 Ne8 15. Rfe1 c5 16. dxc5 Bxc5 17. Nd3 Ba7 {½-½ (61) Wen,Y (2509)-Tran,T (2286) Ho Chi Minh City 2011}) 11. Rxa3 Rb8 12. Qxc4 {White is better.} b5 13. Qc2 Bb7 14. Rc1 Nb6 15. axb5 ({Don't play} 15. Qxc7 $6 Qxc7 16. Rxc7 Nc4 $11) 15... axb5 16. b3 Ra8 (16... Bxf3 $14 17. Bxf3 Qxd4) 17. Rxa8 $16 Nxa8 18. Bf4 Be4 19. Qc5 Qd5 20. Qxd5 Nxd5 21. Ne5 Bxg2 22. Kxg2 Nxf4+ 23. gxf4 {[%mdl 4096] Endgame KRN-KRN} Rd8 24. e3 f6 25. Nd3 Kf7 26. Rc5 Rb8 27. Nb4 Ke8 28. Kf3 Kd7 29. Ke4 Rb6 30. f5 exf5+ 31. Kxf5 c6 {[#]} 32. h4 $1 Kd6 (32... Nc7 $16) 33. Rc1 Nc7 34. e4 Kd7 35. d5 {[%cal Rd5c6]} Na6 $2 {[#] A mistake that costs the game.} (35... g6+ $16 36. Kxf6 cxd5+ 37. Kf7 d4) 36. Rxc6 $18 Rxc6 37. dxc6+ ({Not} 37. Nxc6 Nc5 $18) 37... Kd6 38. Nxa6 Kxc6 39. Ke6 Kb6 40. Nb4 Kc5 41. Nc2 {Weighted Error Value: White=0.08/Black=0.59} 1-0

[Event "Gaprindashvili Cup Women III Stage 2020"]
[Site "Online"]
[Date "2020.11.12"]
[Round "2.2"]
[White "Khukhashvili, Sopiko"]
[Black "Melia, Salome"]
[Result "1-0"]
[WhiteElo "2334"]
[BlackElo "2371"]
[Annotator "TA"]
[PlyCount "75"]
[EventDate "2020.11.04"]
[EventType "k.o."]
[SourceTitle "playchess.com"]
[Source "ChessBase"]
[SourceQuality "1"]

{[%evp 16,74,16,-37,6,-24,-8,-5,31,0,-13,0,0,0,0,-4,0,-46,-10,-36,-33,-91,-63,-281,-79,-72,-15,-56,-14,-45,80,70,280,-49,272,-55,182,179,798,0,876,1038,1019,1019,948,943,819,931,29989,1506,1455,1414,4556,3201,29996,29997,29997,29998,29998,29999,29999]} 1. e4 c5 2. Nf3 Nc6 3. d4 cxd4 4. Nxd4 g6 5. Nc3 Bg7 6. Nb3 Nf6 7. Be2 O-O 8. Be3 d6 9. g4 (9. Qd2 $11) 9... Be6 {B72: Sicilian Dragon: 6 Be3, lines with h3+Bc4 and sidelines.} 10. g5 Nd7 11. h4 a5 {The position is equal.} 12. a4 Bxb3 13. cxb3 Nc5 14. h5 e6 $1 {[#]} 15. f4 $146 ({Predecessor:} 15. hxg6 hxg6 16. f3 Qe7 17. Kf2 Rfd8 18. Rh4 Nb4 19. Bc4 Rac8 20. Qh1 Nc2 21. Rh7 {0-1 (33) Dolezal,C (2290)-Rodriguez Vila,A (2435) Villa Ballester 1995}) 15... Qe7 16. Bf3 (16. Bxc5 $5 dxc5 17. Bc4 $11) 16... Rfd8 {Hoping for ...d5!} 17. Nb5 Nb4 18. Kf2 ({Better is} 18. O-O $15) 18... Ncd3+ 19. Kg3 $2 (19. Kf1 $15) 19... Nxb2 $2 (19... e5 $19 {is more deadly.} 20. f5 gxf5) 20. Qd2 N2d3 (20... Rac8 $1 $17 {[%cal Rc8c2] Strongly threatening ...Rc2.} 21. hxg6 Rc2) 21. hxg6 $1 $11 hxg6 22. Qh2 Rdc8 (22... Rac8 $15) 23. Rad1 $36 {[%mdl 3072] White has strong compensation. White is pushing.} ({Avoid the trap} 23. Bd4 $2 e5 $19) 23... Rc2 $2 ({Black should try} 23... Kf8 $14) 24. Qh7+ $1 $18 ({Weaker is} 24. Rd2 Rxd2 25. Bxd2 Rc8 $17) 24... Kf8 {[#]} 25. Rh3 $2 (25. Qh8+ $1 $18 {[%mdl 512]} Bxh8 26. Rxh8+ Kg7 27. Rxa8) 25... Rac8 $2 (25... Re8 $1 $15 {keeps the upper hand.}) 26. Rdh1 $1 {White threatens Qh8+! and mate.} Qd7 $2 (26... Qd8) 27. Bg4 $2 (27. Bd4 $1 $18 e5 28. f5 gxf5 29. exf5) 27... Nc1 $2 {[%mdl 8192] [#]} (27... Qc6 $11 28. Bxe6 Qxe4 29. Qxg7+ Kxg7 30. Rh7+ Kf8 $1 {[%mdl 512]} 31. Rxf7+ Kg8 $1 {[%mdl 512]} 32. Rfh7+ Kf8 33. Rf7+ Kg8 $1 {[%mdl 512]} 34. Rfh7+ Kf8 35. Rf7+) 28. Qxg7+ $1 {[%mdl 576] Remove Defender} Kxg7 29. Bd4+ e5 30. Bxd7 Ne2+ 31. Kg4 Rd8 32. fxe5 (32. Rh7+ $142 Kf8 {[#]} 33. Be6 $1 {[%mdl 512]} Rd7 34. Bxd7 Nxd4 35. Nxd4 exd4 36. Be6 $1 {[%mdl 512]} Rc7 37. Rh8+ Ke7 38. Bxf7 $1 {[%mdl 512]}) 32... Nxd4 33. Nxd4 Rg2+ {[#]} 34. Kf3 $1 {Threatening mate with Ne6+!} Rd2 {[#]} 35. Ne6+ $1 {White mates.} fxe6 36. Rh7+ Kf8 37. Rh8+ Ke7 38. R1h7# {Weighted Error Value: White=0.64/Black=0.98} 1-0

[Event "Gaprindashvili Cup Women III Stage 2020"]
[Site "Online"]
[Date "2020.11.12"]
[Round "2.2"]
[White "Mikadze, Miranda"]
[Black "Khotenashvili, Bela"]
[Result "0-1"]
[WhiteElo "2269"]
[BlackElo "2463"]
[Annotator "TA"]
[PlyCount "212"]
[EventDate "2020.11.04"]
[EventType "k.o."]
[SourceTitle "playchess.com"]
[Source "ChessBase"]
[SourceQuality "1"]

{[%evp 13,212,51,46,17,38,0,12,0,29,30,54,32,51,16,17,28,107,69,70,5,10,16,20,10,42,27,29,25,33,25,44,31,34,16,57,21,75,-108,-117,-128,-119,-136,-130,-150,-158,-308,-322,-466,-394,-385,-137,-154,-129,-125,-142,-158,-100,-121,0,-83,0,-66,216,-35,-48,-50,0,-97,-28,-32,-62,-378,-361,-627,-183,-182,-156,-185,-25,-215,-172,-186,0,0,0,0,0,0,0,4,13,-3,0,-8,-8,-33,0,-61,-12,-47,0,0,0,-62,29979,1883,29992,1618,1256,-406,-388,-889,-880,-770,-747,-29981,-29982,-29979,-1131,-1131,-1124,-1123,-1061,-1035,-904,-872,-721,-29986,-29984,-29987,-1437,-29981,-29979,-29979,-5849,-29980,-29979,-29980,-29981,-29980,-29981,-29982,-29947,-29942,-12178,-12817,-12733,-29981,-10446,-1968,-378,-334,-322,-1229,-312,-291,-162,-161,0,0,0,0,0,0,0,0,0,0,0,0,0,0,0,-29972,0,0,0,-80,-84,-29965,-9085,-2314,-83,-44,0,0,0,0,0,0,0,0,0,-29977,-29976,-29986,-29974,-29986,-29987,-29987,-29988]} 1. e4 c6 2. d4 g6 3. Nf3 Bg7 4. Nc3 d6 5. a4 Nf6 6. Be2 O-O 7. O-O Nbd7 8. b3 {8.a5 is a critical line. B08: Pirc Defence: Classical System.} Qc7 9. Bb2 {[#]} Rd8 $146 ({Predecessor:} 9... b6 10. a5 b5 11. d5 Nxe4 12. Nd4 Nxc3 13. Bxc3 cxd5 14. Nxb5 Qc6 15. Bxg7 Kxg7 16. c4 dxc4 {½-½ (52) Auvinen,E-Liitiainen,E (2177) Espoo 2001}) 10. Re1 {The position is equal.} e5 11. d5 Nf8 12. Bc4 Bd7 13. Qd2 Rac8 14. Ba3 c5 (14... cxd5 $11 15. Nxd5 Nxd5 16. Bxd5 (16. Qxd5 Be6 $17) 16... Ne6) 15. Kh1 a6 16. Ng1 (16. Bb2 $14) 16... Rb8 $11 17. Bf1 Nh5 18. Bb2 f5 19. exf5 gxf5 20. a5 Ng6 21. Na4 Nf6 22. Nb6 Ne4 23. Qe2 Nf4 24. Qf3 Be8 (24... Nd2 $11 {keeps the balance.} 25. Qe3 Nxf1 26. Rxf1 Be8) 25. h3 $2 (25. g3 $16 {stays on course.} Nh5 26. Bh3 (26. Qxf5 Bg6 $11)) 25... Bh5 $36 {[%mdl 2048] Black is really pushing.} 26. g4 Ng5 $1 {[%cal Rg5f3]} 27. Qg3 fxg4 28. hxg4 Bg6 29. c4 (29. Qh4 $17 Be4+ 30. Rxe4 Nxe4 31. Ra4) 29... Rf8 $19 30. f3 (30. Bc1 $142) 30... Qf7 31. Ra2 Nd3 $2 (31... e4 $19 {has better winning chances. White must now prevent ...Bxb2.} 32. Qh4 h6 33. Bxg7 Qxg7) 32. Bxd3 $17 Bxd3 33. Re3 Bg6 $1 34. Bc1 Rbd8 ({Black should try} 34... Rbe8 35. Qh4 Qe7) 35. Kg2 Bh6 (35... Qf6 $17 36. Rf2 Rf7) 36. Re1 (36. Qh4 $11 Qg7 37. Re1) 36... Qg7 (36... Rde8 $1 $17) 37. Rf2 (37. Qh4 $1 $11 Bb1 38. Rf2) 37... Nf7 $2 {[%mdl 8192]} (37... Rde8 $15 38. Re3 Rf7) 38. Nh3 $2 (38. g5 $18) 38... Bxc1 $15 39. Rxc1 Qf6 40. Rh1 (40. Rcf1 $11 {remains equal.}) 40... Ng5 (40... e4 $1 $17 {Strongly threatening ...Qd4.} 41. Kh2 exf3 42. Rxf3 Qg7) 41. Nxg5 Qxg5 42. Re1 $2 {[%mdl 8192]} (42. Qh4 $15 Qxh4 43. Rxh4) 42... Rf4 $1 $19 43. Ref1 $2 (43. Re3 e4 44. Kh3) 43... Qe7 $2 (43... e4 44. Kh2 e3) 44. Na4 Rdf8 45. Nc3 Qd8 $2 (45... Rd4 $1 $19 {...Rd3 is the strong threat.} 46. Ne4 Rd3) 46. Ra1 $2 (46. Ne2 $11) 46... e4 47. Raf1 Qxa5 $2 (47... e3 $19 48. Ra2 Qg5) 48. fxe4 $11 Rxf2+ 49. Rxf2 Rxf2+ 50. Kxf2 Qa1 51. Qe3 Qb2+ 52. Ne2 Qe5 53. Ng3 b5 54. Kf3 b4 55. Nf5 (55. Qf4 $11) 55... Bxf5 56. gxf5 $15 {[%mdl 4096] Endgame KQ-KQ} (56. exf5 Qxe3+ 57. Kxe3 Kf7 $19) 56... Kf7 {Hoping for ...Qc3.} 57. Qh6 $1 Qc3+ 58. Kg4 ({White should play} 58. Kf2 $11 Qc2+ 59. Kg1) 58... Qxb3 $2 {[%mdl 8192]} (58... Qg7+ $15 59. Qxg7+ Kxg7) 59. Qxh7+ (59. Qe6+ $142 Kg7 60. Qe7+ Kg8 61. f6 Qd1+ 62. Kf5 Qf3+ 63. Ke6 Qxe4+ 64. Kd7) 59... Kf8 60. Qh8+ (60. f6 $142 Qd1+ 61. Kg5 Qc1+ 62. Kf5 Qh6 63. Qxh6+ Ke8 64. f7+ $1 {[%mdl 576] Discovered Attack} Kd7 65. f8=Q Kc7 66. Qhxd6+ {[%mdl 64] Double Attack} Kb7 67. Qfb8#) 60... Kf7 $18 61. f6 $4 {[%mdl 8192] Cut Off at move 61} (61. Qh5+ $18 {was the only winning move.} Ke7 62. Qg5+ Kd7 63. Qg7+ Ke8 64. Qg6+ Kd7 65. Qh7+ Kc8 66. f6 Qd1+ 67. Kf5) 61... Qd1+ $19 62. Kg5 $2 (62. Kf4 Qf1+ 63. Ke3 Qc1+ 64. Kf3 Qc3+ 65. Kg4 Qxf6 66. Qa8) 62... Qg1+ 63. Kf4 Qf2+ 64. Kg5 Qg3+ 65. Kf5 Qe5+ (65... Qg6+ $142 66. Kf4 Qxf6+ 67. Qxf6+ Kxf6 68. e5+ dxe5+ 69. Ke3 b3 70. d6 b2 71. d7 Ke7 72. Kd2 b1=Q 73. d8=R Kxd8 74. Ke2 e4 75. Ke3 Qd3+ 76. Kf4 e3 77. Kg5 e2 78. Kh4 e1=Q+ 79. Kg5 Qeg3+ 80. Kh6 Qgg6#) 66. Kg4 Qxe4+ {[%mdl 64] Double Attack} 67. Kg3 Qg6+ 68. Kh2 Qxf6 69. Qh7+ Kf8 {Threatens to win with ...b3.} 70. Qa7 Qe5+ 71. Kg2 Qe2+ (71... Qg7+ $142 72. Qxg7+ Kxg7 73. Kf3 b3 74. Ke4 b2 75. Kf5 Kf7 76. Kg4 b1=Q 77. Kg3 Qd3+ 78. Kg2 Kf6 79. Kf2 Kg5 80. Ke1 Qc2 81. Kf1 Kh4 82. Ke1 Kg3 83. Kf1 Qf2#) 72. Kh3 Qe3+ 73. Kg2 b3 (73... Qg5+ $142 74. Kf3 Qf6+ 75. Ke2 Qe7+ 76. Qxe7+ Kxe7 77. Ke3 a5 78. Kd2 a4 79. Kc2 a3 80. Kb3 Kf6 81. Kc2 Ke5 82. Kb3 Kd4 83. Kc2 a2 84. Kb2 b3 85. Ka1 Kxc4 86. Kb2 Kb4 87. Ka1 c4 88. Kb2 c3+ 89. Ka1 c2 90. Kb2 a1=Q+ $1 {[%mdl 576] Deflection, Decoy, Back Rank, Promotion} 91. Kxa1 c1=Q#) 74. Qxa6 Ke7 75. Qb7+ Kf6 76. Qb8 Qe2+ 77. Kg3 Qd3+ 78. Kf2 Qf5+ (78... Qd4+ $142 79. Kf3 Qd3+ 80. Kf2 Qd2+ 81. Kf3 Qc3+ 82. Kf2 Kf5 83. Qg8 Qd4+ 84. Kf3 b2 85. Qh7+ Kg5 86. Qg8+ Kh6 87. Qf8+ Qg7 88. Qf5 Qc3+ {[%mdl 64] Double Attack} 89. Kg2 Qd2+ 90. Kf3 Qd1+ 91. Kg3 Qg1+ 92. Kf4 Qf1+ 93. Kg4 b1=Q 94. Qg5+ Kh7 95. Qe7+ Kh8 96. Qh4+ Qh7 97. Qd8+ Qg8+ 98. Qxg8+ Kxg8 99. Kg3 Kg7 100. Kh2 Qe2+ 101. Kh1 Kf6 102. Kg1 Ke5 103. Kh1 Kf4 104. Kg1 Kg3 105. Kh1 Qh2#) 79. Ke3 Qe5+ 80. Kf3 Qc3+ (80... b2 $142 81. Qf8+ Kg5 82. Qg8+ Kh6 83. Qb8 Kh5 84. Qc8 Qc3+ 85. Kf4 Qd4+ 86. Kf3 b1=Q 87. Qh3+ Qh4 88. Qxh4+ Kxh4 89. Kf4 Qc2 90. Kf3 Qxc4 91. Ke3 Kg3 92. Kd2 Kf3 93. Kd1 Ke3 94. Ke1 Qe2#) 81. Kf2 Qc2+ $2 (81... Kf7 82. Qb7+ Kg6) 82. Ke3 Qc1+ $1 ({Not} 82... Qxc4 83. Qxd6+ Kf7 84. Qe6+ Kf8 85. Qd6+ Ke8 86. Qe5+ Kd8 87. Qb8+ Ke7 88. Qe5+ Kf7 89. Qe6+ Kg7 90. Qe5+ Kg6 91. Qe6+ Kh7 92. Qf5+ Kh6 93. Qf6+ Kh7 94. Qf5+ Kh8 95. Qe5+ Kh7 96. Qf5+ $11) 83. Kd3 $2 (83. Kf3 Qc3+ 84. Kg4 Qxc4+ {[%mdl 64] Double Attack} 85. Kg3 Qxd5 86. Kf2 Qd4+ 87. Kg3 Qe5+ 88. Kf3) 83... Qd1+ $2 (83... Qf1+ 84. Ke3 Qc1+ 85. Kf3 Qf1+ 86. Kg3 Qe1+ 87. Kf3 Qf1+ 88. Ke3 Qe1+ 89. Kf3 Qc3+ 90. Kg4 Qxc4+ {[%mdl 64] Double Attack} 91. Kh3 Qxd5 92. Qh8+ Kg6 93. Qe8+ Qf7) 84. Ke3 Qd4+ (84... Qg1+ $142 85. Kf3 Qd1+ 86. Kg3 Qe1+ 87. Kf3 Qc3+ 88. Ke2 Qxc4+ {[%mdl 64] Double Attack} 89. Kd2 Qb4+ 90. Qxb4 cxb4 91. Kc1 Ke5 92. Kb2 Kxd5 93. Kxb3 Kc5 94. Kc2 Kc4 95. Kd1 Kc3 96. Ke2 b3 97. Kf3 b2 98. Kg4 b1=Q 99. Kg5 Kd4 100. Kf6 Qe4 101. Kf7 Ke5 102. Kg7 Ke6 103. Kg8 Qg4+ 104. Kh7 Kf6 105. Kh8 Qg7#) 85. Kf3 b2 $2 ({Inferior is} 85... Qxc4 86. Qxd6+ Kg7 87. Qd7+ Kh6 88. Qe6+ Kh7 89. Qf7+ Kh8 90. Qf8+ Kh7 91. Qf7+ Kh8 92. Qf8+ Kh7 93. Qf7+ $11) (85... Kf5 $1 $19 86. Qxb3 Qe4+ 87. Kf2 Qf4+ 88. Kg2 Ke4 89. Qc2+ Kd4 90. Qd1+ Kc3 91. Qa1+ Kd3) 86. Qf8+ Kg6 87. Qe8+ $1 Kg5 88. Qg8+ Kh6 89. Qe6+ Kh7 90. Qf5+ Kg7 91. Qd7+ Kg6 92. Qe8+ Kf5 93. Qf7+ $2 {[%mdl 8192]} (93. Qe6+ $11 Kg5 94. Qg8+ Kh6 95. Qf8+ Qg7 96. Qxd6+ Qg6 97. Qf8+ Kh7 98. Qe7+ Kg8 99. Ke2 b1=Q 100. Qd8+ Kf7 101. Qc7+ Kf6 102. Qf4+ Qgf5 103. Qd6+ Kg5 104. Qg3+ Qg4+ 105. Qxg4+ Kxg4 106. Kd2 Kf3 107. d6 Qb2+ 108. Kd3 Qb3+ 109. Kd2 Ke4 110. Ke1 Qb2 111. Kf1 Kf3 112. Kg1 Qg2#) 93... Kg5 $2 (93... Qf6 $1 {mates} 94. Qh5+ Qg5 95. Qh7+ Qg6 96. Qh3+ Kf6 97. Qh8+ Qg7 98. Qh1 Qf7 99. Ke3 Qg6 100. Qh8+ Qg7 101. Qb8 Qg5+ 102. Ke2 Kf7 103. Qb6 Qg6 104. Ke3 b1=Q 105. Qc7+ Kg8 106. Qd8+ Kh7 107. Qd7+ Qg7 108. Qh3+ Qh6+ 109. Qxh6+ Kxh6 110. Kd2 Kg5 111. Kc3 Kg4 112. Kd2 Kf3 113. Kc3 Ke4 114. Kd2 Qb2+ 115. Ke1 Ke3 116. Kf1 Qf2#) 94. Qg8+ $11 Kf5 95. Qh7+ (95. Qe6+ $11 Kg5 96. Qg8+) 95... Kf6 $1 $17 96. Qh8+ $2 {[%mdl 8192] [#]} (96. Qh6+ $17 Kf7 97. Qh7+ Kf8 98. Qf5+ Kg7 99. Qg5+ Kf7 100. Qh5+ Ke7 101. Qh7+ Kf8 102. Qf5+ Kg7) 96... Kf7 $1 97. Qh5+ $19 Kf8 $2 (97... Ke7 $19 {and Black stays clearly on top.} 98. Qh7+ Kf8 99. Qf5+ Kg7 100. Qg5+ Kf7 101. Qh5+ Kf6 102. Qh8+ Kf7 $1 {[%mdl 512]} 103. Qh5+) 98. Qf5+ $17 Kg7 99. Qd7+ Kg6 100. Qe8+ Kg5 101. Qg8+ Kh6 {( -> ...Qf6+)} 102. Qe6+ Kh7 103. Qd7+ $2 {[%mdl 8192] [#]} (103. Qf5+ $11 Kh6 104. Qe6+) 103... Qg7 $1 {Black mates.} 104. Qf5+ Kg8 105. Ke2 Qe5+ 106. Qxe5 dxe5 {A wild game.  Weighted Error Value: White=0.57/Black=0.74} 0-1